Vidéo youtube de wane tf - Statistiques

Statistiques générales
  • Ce quiz a été pris 6 fois
  • Le résultat moyen est 7 sur 14
Answers on the Grid
Answers color-coded by a green-red scale on the quiz's grid according to % correct below.
Koh Lanta
Pékin express
Gagner en partant 1h après
10 fois le mont Ventoux en 1 seule course
Gagner le tour dopé sans se faire choper
Gagner le tour avec Kevin Vauquelin
10 nouveauté pour TDF 26
Tour 100% légende
Gagner avec Sergio tu le TDF en partant 1h en avance sur chaque étape
Gagner le tour de France avec Paul seixas
Mag du mercato
Tour de France des nation
Tour de France de la ligue 1
Tour des Abonné
Remporté paris Roubaix avec evenepoel
Draft des abonnés
Remporté les 3 grand tour avec POGAČAR
Tour de Bretagne sur tour de France 25
Gagner le tour en partants 1 étape en retard
Gagner le mailot vert avec Paul Magnier
Mes championnat du monde a Roubaix
Le tour d'Europe
Parcours du tour de France 2016
Les étape du tour de France 18
Je me rase la tête en vidéo
En direct du tour de France a paris
Mes Abonez créé une vidéo pour ma chaine
Qui des 30 version cyclisme
Je suis en roue libre
J'affronte styros sur tour de France 2024
 
Statistiques - réponses
Réponse % Correct
Tour de France de la ligue 1
80%
10 fois le mont Ventoux en 1 seule course
60%
10 nouveauté pour TDF 26
60%
Gagner en partant 1h après
60%
Koh Lanta
60%
Tour 100% légende
60%
Tour des Abonné
60%
Draft des abonnés
40%
Gagner le tour avec Kevin Vauquelin
40%
Gagner le tour dopé sans se faire choper
40%
Mag du mercato
40%
Tour de France des nation
40%
Les étape du tour de France 18
20%
Le tour d'Europe
0%
Aucun quiz correspondant
Distribution des résultats
% des personnes avec chaque résultat
Percentile par nombre de réponses
Votre historique - résultats
Vous n’avez pas pris ce quiz